Situación de los derechos humanos en Chile: informe anual 2018
Salvato in:
| Ente Autore: | |
|---|---|
| Natura: | Libro |
| Lingua: | spagnolo |
| Pubblicazione: |
Santiago, Chile:
Instituto Nacional de Derechos Humanos,
2018.
|
| Soggetti: | |
| Accesso online: | Disponible Online desde INDH |
| Tags: |
Aggiungi Tag
Nessun Tag, puoi essere il primo ad aggiungerne!!
|
MARC
| LEADER | 00000cam a2200000 a 4500 | ||
|---|---|---|---|
| 001 | UCC2892 | ||
| 003 | CL-VaPUC | ||
| 005 | 20230605092847.0 | ||
| 008 | 180323e20170000cl |||||||||||||||||spa|d | ||
| 999 | |c 441035 |d 441033 | ||
| 020 | |a 978-956-6014-10-2 | ||
| 040 | |c Pontificia Universidad Católica de Valparaíso | ||
| 082 | 0 | 4 | |a 323.4083 INS 2018 |2 21 |
| 110 | 2 | |a Instituto Nacional de Derechos Humanos |e autor |9 596896 | |
| 245 | 1 | 0 | |a Situación de los derechos humanos en Chile: informe anual 2018 |
| 260 | |a Santiago, Chile: |b Instituto Nacional de Derechos Humanos, |c 2018. | ||
| 300 | |a 268 páginas. | ||
| 500 | |a c.1-2. Donación Rectoría Julio-2022 | ||
| 583 | |a last modification |c 20180323 15:33:00 |k GC | ||
| 650 | 0 | |a Derechos fundamentales |9 254841 |z Chile | |
| 650 | 0 | |a Derechos humanos |9 223025 |z Chile | |
| 856 | |u https://www.indh.cl/bb/wp-content/uploads/2018/12/Libro-Informe-Anual-2018.pdf |y Disponible Online desde INDH | ||
| 942 | |c BK |2 ddc | ||
| 952 | |0 0 |1 0 |2 ddc |4 0 |6 323_408300000000000_INS_2018 |7 0 |8 A |9 590354 |a BIBDER |b BIBDER |c GEN |d 2023-06-05 |e Donación |i 5657682 |o 323.4083 INS 2018 |p 5657682 |r 2023-06-05 |t 2 |w 2023-06-05 |y BK |k DER | ||